[Event "Futurity"]
[Site "Chicago"]
[Date "1982.??.??"]
[Round "3"]
[White "Bass, Leonid"]
[Black "Sprenkle, David"]
[Result "1-0"]
[WhiteElo "2405"]
[BlackElo "2200"]
[PlyCount "51"]
[EventDate "1982.??.??"]
[Source "ChessBase"]

1. d4 Nf6 2. c4 e5 3. dxe5 Ng4 4. e4 h5 5. h3 Nxe5 6. Be3 Nbc6 7. Nc3 Bb4 8. Rc1 Qh4 9. Qd5 d6 10. g3 Qf6 11. f4 Ng6 12. Qd2 Bd7 13. Nge2 O-O-O 14. a3 Bxc3 15. Nxc3 Qe7 16. Bg2 f5 17. O-O Qf7 18. b4 Kb8 19. exf5 Qxf5 20. Qf2 Nge7 21. b5 Na5 22. Bxa7+ Ka8 23. Ne4 Nxc4 24. Rxc4 Bxb5 25. Rxc7 Nc6 26. Qb6 1-0

[Event "MI Festival"]
[Site "Bucharest"]
[Date "1999.03.23"]
[Round "4"]
[White "Solcanean, Serghei"]
[Black "Kostic, Nebojsa"]
[Result "1/2-1/2"]
[WhiteElo "2260"]
[BlackElo "2341"]
[PlyCount "94"]
[EventDate "1999.03.20"]
[Source "ChessBase"]
[SourceDate "1999.05.10"]

1. d4 Nf6 2. c4 e5 3. dxe5 Ng4 4. e4 Nxe5 5. f4 Ng6 6. Nf3 Bb4+ 7. Nc3 Qf6 8. e5 Qb6 9. Qc2 d6 10. a3 Bxc3+ 11. Qxc3 dxe5 12. Nxe5 O-O 13. Nxg6 Qxg6 14. Be3 Rd8 15. Kf2 Bf5 16. Be2 Nd7 17. Rhd1 Re8 18. Bf3 Nf6 19. Kg1 Be4 20. Bd4 Re6 21. Bxf6 Qxf6 22. Qxf6 gxf6 23. Kf2 Bxf3 24. Kxf3 Rae8 25. Rd3 Re2 26. b4 Rc2 27. c5 b6 28. cxb6 axb6 29. h4 Ree2 30. Rg1 Rf2+ 31. Kg3 Kg7 32. Kh3 Rxf4 33. Rgd1 f5 34. R1d2 Rcc4 35. g3 Rfe4 36. Rf3 Re5 37. Rdf2 Kg6 38. Rf4 Rxf4 39. Rxf4 b5 40. Rf3 Re4 41. Rc3 Rc4 42. Rd3 Rc2 43. Rf3 h5 44. Rd3 Kf6 45. Re3 c6 46. Rd3 Kg6 47. Re3 Rc4 1/2-1/2

[Event "WchJ u20"]
[Site "Buenos Aires ARG"]
[Date "1992.??.??"]
[Round "?"]
[White "Tsemekhman, Vadim"]
[Black "Sosa Macho, Juan M"]
[Result "1-0"]
[WhiteElo "2350"]
[BlackElo "2245"]
[PlyCount "49"]
[EventDate "1992.??.??"]
[Source "www.chesslib.no"]
[SourceDate "2004.05.04"]

1. d4 Nf6 2. c4 e5 3. dxe5 Ng4 4. e4 Nxe5 5. f4 Nec6 6. Be3 Bb4+ 7. Nc3 Bxc3+ 8. bxc3 Qe7 9. Bd3 Na6 10. Nf3 Nc5 11. O-O d6 12. Bxc5 dxc5 13. e5 Bd7 14. Be4 Na5 15. e6 fxe6 16. Rb1 O-O-O 17. Bxb7+ Nxb7 18. Ne5 Be8 19. Qb3 c6 20. Rb2 Rf8 21. Qa4 Rf5 22. Qxa7 Qc7 23. Rfb1 Rxe5 24. fxe5 Na5 25. Rb8+ 1-0

[Event "Corr"]
[Site "?"]
[Date "2000.06.20"]
[Round "?"]
[White "Dunne Alex (USA)"]
[Black "Toth Imre"]
[Result "1-0"]
[WhiteElo "2363"]
[BlackElo "2232"]
[PlyCount "43"]
[EventDate "2000.??.??"]
[Source "www.chesslib.no"]
[SourceDate "2004.05.04"]

1. d4 Nf6 2. c4 e5 3. dxe5 Ng4 4. e4 Nxe5 5. Nf3 Bb4+ 6. Bd2 Bxd2+ 7. Qxd2 Nxf3+ 8. gxf3 Nc6 9. Rg1 O-O 10. Qh6 g6 11. Nc3 d6 12. O-O-O Ne5 13. Be2 f5 14. h4 Rf7 15. h5 Rg7 16. c5 Qh4 17. Rh1 Qf6 18. Nd5 Qf8 19. hxg6 Nxg6 20. Rdg1 c6 21. Bc4 Be6 22. Rxg6 1-0

[Event "St Ingbert op"]
[Site "?"]
[Date "1998.??.??"]
[Round "4"]
[White "Becking Stephan"]
[Black "Pirrot Dieter"]
[Result "1/2-1/2"]
[WhiteElo "2205"]
[BlackElo "2390"]
[PlyCount "28"]
[EventDate "1998.??.??"]
[Source "www.chesslib.no"]
[SourceDate "2004.05.04"]

1. d4 Nf6 2. c4 e5 3. dxe5 Ng4 4. e4 Nxe5 5. f4 Ng6 6. Bd3 Bc5 7. Nf3 d6 8. Nc3 Bg4 9. h3 Bxf3 10. Qxf3 Nc6 11. g3 Qf6 12. Nd5 Qd4 13. Qe2 Nb4 14. Nxb4 Bxb4+ 1/2-1/2

[Event "JUG Team Ch"]
[Site "Cetinje"]
[Date "1992.??.??"]
[Round "?"]
[White "Stamenkovic, Zoran"]
[Black "Ivanovic, Miroslav"]
[Result "1/2-1/2"]
[WhiteElo "2345"]
[BlackElo "2240"]
[PlyCount "106"]
[EventDate "1992.??.??"]
[Source "www.chesslib.no"]
[SourceDate "2004.05.04"]

1. d4 Nf6 2. c4 e5 3. dxe5 Ng4 4. e4 Nxe5 5. f4 Ng6 6. Nf3 Bc5 7. f5 Nh4 8. Ng5 Bb4+ 9. Nc3 Qf6 10. Bd2 Bxc3 11. bxc3 h6 12. Qh5 O-O 13. Qxh4 hxg5 14. Qxg5 Qxg5 15. Bxg5 Re8 16. Bd3 Nc6 17. Bf4 d6 18. O-O-O b6 19. h4 Bb7 20. Rde1 Ne5 21. Bxe5 Rxe5 22. Re3 Rae8 23. Rhe1 f6 24. R1e2 Kf7 25. Kd2 Ra5 26. Kc1 Rae5 27. Kb2 Rh8 28. g3 Rhe8 29. Bc2 Ba6 30. Kb3 Rc5 31. Bd3 Ree5 32. g4 Rc6 33. g5 Rec5 34. Rg2 Bxc4+ 35. Bxc4+ Rxc4 36. gxf6 Kxf6 37. Rg6+ Kf7 38. h5 b5 39. Reg3 a5 40. Rxg7+ Kf6 41. a3 Rxc3+ 42. Rxc3 Rxc3+ 43. Kxc3 Kxg7 44. Kd4 a4 45. Kd5 b4 46. Ke6 bxa3 47. f6+ Kg8 48. Ke7 a2 49. f7+ Kh7 50. f8=Q a1=Q 51. Qf5+ Kh8 52. Qf8+ Kh7 53. Qf5+ Kh8 1/2-1/2

[Event "Schleswig Holstein-chA 55th"]
[Site "?"]
[Date "2000.??.??"]
[Round "8"]
[White "Plueg Andreas"]
[Black "Krueger Wolfgang"]
[Result "0-1"]
[WhiteElo "2347"]
[BlackElo "2237"]
[PlyCount "60"]
[EventDate "2000.??.??"]
[Source "www.chesslib.no"]
[SourceDate "2004.05.04"]

1. d4 Nf6 2. c4 e5 3. dxe5 Ng4 4. e4 Nxe5 5. f4 Nec6 6. Be3 a5 7. Nc3 Na6 8. Nf3 Bc5 9. Qd2 d6 10. O-O-O O-O 11. Bd3 Nab4 12. Bb1 a4 13. Bxc5 dxc5 14. Qe3 Qf6 15. e5 Qh6 16. a3 Na5 17. Nd2 Nbc6 18. Be4 Nxe5 19. Kb1 Nexc4 20. Nxc4 Nxc4 21. Qxc5 Nd6 22. Bc2 Be6 23. Qxc7 Nc4 24. f5 Rfc8 25. Qg3 Bxf5 26. Bxf5 Qb6 27. Nb5 Qxb5 28. Qf2 Rd8 29. Ka1 Qb3 30. Bxh7+ Kh8 0-1

[Event "Baden Ch"]
[Site "Ladenburg"]
[Date "1992.??.??"]
[Round "8"]
[White "Kurz, Eugen"]
[Black "Schrepp, Martin"]
[Result "1-0"]
[WhiteElo "2330"]
[BlackElo "2250"]
[PlyCount "51"]
[EventDate "1992.??.??"]
[Source "www.chesslib.no"]
[SourceDate "2004.05.04"]

1. d4 Nf6 2. c4 e5 3. dxe5 Ng4 4. e4 Nxe5 5. f4 Nec6 6. Be3 Bb4+ 7. Nd2 Qe7 8. Bd3 Na6 9. a3 Bc5 10. Qe2 Bxe3 11. Qxe3 Nc5 12. Bc2 a5 13. Ne2 d6 14. Nc3 O-O 15. Nd5 Qd8 16. O-O f6 17. e5 fxe5 18. fxe5 Rxf1+ 19. Rxf1 Nxe5 20. Nf3 Ng4 21. Ne7+ Kh8 22. Ng5 Nh6 23. Nf7+ Nxf7 24. Rxf7 Be6 25. Qh6 Qg8 26. Ng6# 1-0

[Event "HUN-chT2 9394"]
[Site "HUN"]
[Date "1994.??.??"]
[Round "?"]
[White "Orso, Janos"]
[Black "Mozes, Zoltan"]
[Result "0-1"]
[WhiteElo "2310"]
[BlackElo "2270"]
[PlyCount "113"]
[EventDate "1993.??.??"]
[Source "www.chesslib.no"]
[SourceDate "2004.05.04"]

1. d4 Nf6 2. c4 e5 3. dxe5 Ng4 4. e4 Nxe5 5. f4 Nec6 6. Be3 Bb4+ 7. Nc3 Qh4+ 8. g3 Bxc3+ 9. bxc3 Qe7 10. Bd3 Na6 11. Qf3 b6 12. Ne2 Bb7 13. Nd4 Nc5 14. Nf5 Nxd3+ 15. Ke2 Qa3 16. Kxd3 Nb4+ 17. Ke2 Qxc3 18. Bd4 Qxc4+ 19. Kf2 Qc2+ 20. Qe2 Qxe2+ 21. Kxe2 Bxe4 22. Nxg7+ Kd8 23. Rhd1 Rg8 24. Rac1 Nd5 25. Kf2 c5 26. Ba1 f6 27. Nh5 f5 28. Rc4 Nb4 29. Nf6 Kc7 30. Be5+ Kc6 31. Rxd7 Rgd8 32. Rxd8 Rxd8 33. Nxe4 fxe4 34. a3 Nd3+ 35. Ke3 Nxe5 36. fxe5 Kd5 37. Rxe4 Ke6 38. Rh4 Rd7 39. Rh5 b5 40. Ke4 Rd4+ 41. Ke3 Ra4 42. Rxh7 Rxa3+ 43. Ke4 Ra4+ 44. Kd3 Kxe5 45. Rh5+ Kd6 46. Rh6+ Kc7 47. Kc3 Rg4 48. Kb3 a5 49. Ra6 a4+ 50. Ka3 Re4 51. Rh6 Re3+ 52. Kb2 b4 53. g4 Re2+ 54. Kb1 Rg2 55. Rh5 Kb6 56. g5 a3 57. h4 0-1

[Event "Alfoeld Cup op"]
[Site "?"]
[Date "2001.06.16"]
[Round "1"]
[White "Mester Gyula"]
[Black "Repasi Zoltan"]
[Result "1-0"]
[WhiteElo "2385"]
[BlackElo "2193"]
[PlyCount "53"]
[EventDate "2001.??.??"]
[Source "www.chesslib.no"]
[SourceDate "2004.05.04"]

1. d4 Nf6 2. c4 e5 3. dxe5 Ng4 4. e4 Nxe5 5. Nf3 Nxf3+ 6. Qxf3 Bb4+ 7. Nc3 O-O 8. a3 Bxc3+ 9. Qxc3 Qe7 10. Bd3 Nc6 11. O-O d6 12. f4 Be6 13. b4 f6 14. Bb2 a5 15. b5 Nb8 16. e5 dxe5 17. fxe5 Nd7 18. exf6 Nxf6 19. Rae1 Qd7 20. c5 Bd5 21. Rf5 Rad8 22. Rg5 Kh8 23. Bb1 a4 24. Bf5 Qf7 25. Qh3 h6 26. Rg6 Ne8 27. Rxh6+ 1-0

[Event "HUN-chT3"]
[Site "?"]
[Date "1996.??.??"]
[Round "?"]
[White "Szelenyi Norbert"]
[Black "Percze Janos"]
[Result "1/2-1/2"]
[WhiteElo "2330"]
[BlackElo "2245"]
[PlyCount "102"]
[EventDate "1996.??.??"]
[Source "www.chesslib.no"]
[SourceDate "2004.05.04"]

1. d4 Nf6 2. c4 e5 3. dxe5 Ng4 4. e4 Nxe5 5. f4 Nec6 6. Be3 Bb4+ 7. Nd2 Qh4+ 8. g3 Qe7 9. Bg2 d6 10. a3 Bc5 11. Bxc5 dxc5 12. Ne2 Bg4 13. Qb3 Bxe2 14. Qxb7 Nd4 15. Qxa8 O-O 16. Qd5 Nbc6 17. e5 Bd3 18. Ne4 Nc2+ 19. Kf2 Bxe4 20. Qxe4 Nxa1 21. Rxa1 Nd4 22. Rd1 Rb8 23. b4 Ne6 24. b5 Nd4 25. h4 Rd8 26. h5 Qe6 27. Qd3 h6 28. Bd5 Qg4 29. Rh1 Qd7 30. Qe4 Qg4 31. a4 Re8 32. Qd3 Re7 33. Rh4 Qd7 34. Qe4 Kh8 35. Rh1 f6 36. e6 Qe8 37. g4 Qd8 38. Re1 Qd6 39. a5 Nb3 40. a6 Nd4 41. Re3 Qb6 42. f5 Qa5 43. Kg3 Qa1 44. Re1 Qc3+ 45. Qe3 Qb2 46. Qf2 Qc3+ 47. Re3 Qc1 48. Rd3 Qa1 49. Bb7 Kh7 50. Bg2 Kh8 51. Kf4 Qc1+ 1/2-1/2

[Event "It (open)"]
[Site "Biel (Switzerland)"]
[Date "2007.08.03"]
[Round "11"]
[White "Lasinskas Povilas (LTU)"]
[Black "Klauser Markus (SUI)"]
[Result "0-1"]
[WhiteElo "2183"]
[BlackElo "2391"]
[PlyCount "96"]
[EventDate "2007.??.??"]
[Source "www.chesslib.no"]
[SourceDate "2004.05.04"]

1. d4 Nf6 2. c4 e5 3. dxe5 Ng4 4. e4 Nxe5 5. f4 Nec6 6. Be3 Na6 7. Bd3 Bc5 8. Qd2 d6 9. Nf3 Bg4 10. O-O Qf6 11. Bxc5 Nxc5 12. Nc3 Bxf3 13. Rxf3 O-O-O 14. Rd1 h6 15. Bb1 Qe6 16. Qe2 g5 17. Qf1 gxf4 18. Rxf4 Ne5 19. Nd5 Qe8 20. Rf5 c6 21. Nf6 Qe6 22. b4 Na6 23. b5 Nc5 24. bxc6 bxc6 25. Rc1 Kc7 26. h3 Rhf8 27. Rh5 Rh8 28. Rf5 Rhf8 29. Nh5 Rg8 30. Rc3 Rg5 31. Rf6 Qe7 32. Rxh6 Rb8 33. Bc2 Ne6 34. Ra3 Rb7 35. Rh8 d5 36. cxd5 Qxa3 37. dxe6 Qc5+ 38. Kh1 Qxc2 39. exf7 Rb1 40. Rc8+ Kd7 41. Rd8+ Kc7 42. Rc8+ Kxc8 43. f8=Q+ Kc7 44. Qe7+ Nd7 45. Qxg5 Rxf1+ 46. Kh2 Qc5 47. Qg6 Qd6+ 48. Qxd6+ Kxd6 0-1

[Event "Germany"]
[Site "?"]
[Date "2003.02.23"]
[Round "7.7"]
[White "Witke Thomas"]
[Black "Wippermann Till"]
[Result "1-0"]
[WhiteElo "2217"]
[BlackElo "2354"]
[PlyCount "79"]
[EventDate "2003.??.??"]
[Source "www.chesslib.no"]
[SourceDate "2004.05.04"]

1. d4 Nf6 2. c4 e5 3. dxe5 Ng4 4. e4 Nxe5 5. f4 Nec6 6. Nf3 Bc5 7. Nc3 d6 8. f5 Nd7 9. Bg5 f6 10. Bf4 Nde5 11. Nxe5 dxe5 12. Qh5+ Kf8 13. Bg3 Qe8 14. Qxe8+ Kxe8 15. O-O-O Bd7 16. Be2 Nd4 17. Bh5+ Kd8 18. Kb1 a5 19. Bf2 Ra6 20. Ne2 Rd6 21. Nxd4 exd4 22. Bg3 Rb6 23. Rd3 Kc8 24. Bf2 Rd6 25. Re1 b5 26. cxb5 Bxb5 27. Rg3 Bb4 28. Rd1 g6 29. fxg6 hxg6 30. Bxg6 Rxh2 31. Bf5+ Kb7 32. a3 Be2 33. Rxd4 Rh1+ 34. Ka2 Bc5 35. Rxd6 Bxd6 36. Rb3+ Kc6 37. Rc3+ Kb7 38. Bd7 Bd1 39. Bc6+ Ka6 40. a4 1-0

[Event "BL2-W 9293"]
[Site "GER"]
[Date "1993.??.??"]
[Round "?"]
[White "Hermesmann, Hans"]
[Black "Buchenthal, Dieter"]
[Result "1-0"]
[WhiteElo "2295"]
[BlackElo "2265"]
[PlyCount "71"]
[EventDate "1992.10.??"]
[Source "www.chesslib.no"]
[SourceDate "2004.05.04"]

1. d4 Nf6 2. c4 e5 3. dxe5 Ng4 4. e4 Nxe5 5. f4 Ng6 6. Be3 b6 7. Nf3 Bb7 8. f5 Bb4+ 9. Nbd2 Nh4 10. Ng5 h5 11. a3 Bc5 12. Qe2 Qe7 13. Bxc5 bxc5 14. Nh3 Nc6 15. O-O-O g5 16. Qf2 Nd4 17. Bd3 Rh6 18. e5 O-O-O 19. Rhe1 Nxg2 20. Rg1 Qxe5 21. Rxg2 Bxg2 22. Qxg2 Rb6 23. Ne4 d5 24. Nc3 Qe3+ 25. Kb1 dxc4 26. Bxc4 Nf3 27. Nd5 Qe4+ 28. Ka1 Rbd6 29. Nxg5 Qxc4 30. Ne7+ Kd7 31. Qxf3 Rxd1+ 32. Qxd1+ Kxe7 33. Qe1+ Kf8 34. f6 Qd5 35. Nh7+ Kg8 36. Qg1+ 1-0

[Event "Escom IM-B"]
[Site "Budapest"]
[Date "1991.??.??"]
[Round "9"]
[White "Stajcic, Nikola"]
[Black "Kahn, Evarth"]
[Result "1-0"]
[WhiteElo "2345"]
[BlackElo "2215"]
[PlyCount "67"]
[EventDate "1991.??.??"]
[Source "www.chesslib.no"]
[SourceDate "2004.05.04"]

1. d4 Nf6 2. c4 e5 3. dxe5 Ng4 4. e4 Nxe5 5. f4 Nec6 6. Nf3 Bc5 7. Nc3 d6 8. f5 a5 9. Bg5 f6 10. Bf4 Qe7 11. Bd3 Bb4 12. Qe2 Bxc3+ 13. bxc3 Na6 14. Be3 Ne5 15. Nxe5 Qxe5 16. Bd4 Qe7 17. Qh5+ Qf7 18. Qf3 Bd7 19. g4 Bc6 20. g5 b6 21. Rg1 Nc5 22. Bxc5 bxc5 23. Kd2 O-O-O 24. h4 Rde8 25. h5 fxg5 26. Rxg5 Qf6 27. Rag1 Re7 28. Qg4 Rg8 29. Rg3 Kb7 30. h6 Qxh6 31. Rh3 Qf6 32. Rxh7 Rf7 33. Rg6 Qe5 34. Re6 1-0

[Event "Ruhrgebiet VL2 9899"]
[Site "?"]
[Date "1999.04.11"]
[Round "8"]
[White "Lelchuk Zoja"]
[Black "Kock Wolfgang"]
[Result "1-0"]
[WhiteElo "2373"]
[BlackElo "2180"]
[PlyCount "109"]
[EventDate "1999.??.??"]
[Source "www.chesslib.no"]
[SourceDate "2004.05.04"]

1. d4 Nf6 2. c4 e5 3. dxe5 Ng4 4. e4 Nxe5 5. f4 Ng6 6. Be3 Nc6 7. Nc3 Bb4 8. Qd2 O-O 9. a3 Be7 10. O-O-O Re8 11. Nd5 a5 12. Nf3 a4 13. h4 Na5 14. Qc3 Nb3+ 15. Kb1 Nf8 16. h5 h6 17. Rh3 Nh7 18. Nd4 d6 19. Rg3 Bf6 20. Bd3 c5 21. Nxf6+ Qxf6 22. Nb5 Qxc3 23. bxc3 Rd8 24. e5 dxe5 25. fxe5 Kh8 26. Nd6 Be6 27. Rf1 f6 28. Kc2 Rf8 29. Nxb7 fxe5 30. Rxf8+ Rxf8 31. Nxc5 Nxc5 32. Bxc5 Rc8 33. Bd6 e4 34. Bxe4 Rxc4 35. Bd3 Rc6 36. Be5 Ng5 37. Bd4 Bf7 38. Bb5 Bb3+ 39. Kd3 Rd6 40. Re3 Ne6 41. Re5 Kh7 42. Ke3 Kg8 43. g3 Kf7 44. Bd3 Nxd4 45. cxd4 Re6 46. Kf4 Rxe5 47. Kxe5 Bd1 48. Bg6+ Ke7 49. d5 Bg4 50. d6+ Kf8 51. Bc2 Bxh5 52. Bxa4 Bf3 53. Bb5 g5 54. Kf6 Be4 55. a4 1-0

[Event "6th Wichern Open, Hamburg GER"]
[Site "?"]
[Date "2001.??.??"]
[Round "1"]
[White "Lugovoi, A."]
[Black "Schmitz Jordan, J."]
[Result "1-0"]
[WhiteElo "2485"]
[BlackElo "2065"]
[PlyCount "55"]
[EventDate "2001.??.??"]
[Source "www.chesslib.no"]
[SourceDate "2004.05.04"]

1. d4 Nf6 2. c4 e5 3. dxe5 Ng4 4. e4 Nxe5 5. f4 Nec6 6. Nf3 Bc5 7. Bd3 d6 8. Nc3 Nd7 9. a3 a5 10. Qc2 Nd4 11. Nxd4 Bxd4 12. Bd2 Nc5 13. O-O-O Nxd3+ 14. Qxd3 Bxc3 15. Bxc3 O-O 16. Qh3 f6 17. e5 fxe5 18. fxe5 Rf7 19. exd6 cxd6 20. Rxd6 Qc7 21. Rhd1 Bf5 22. Qh5 Bg6 23. Qd5 Qe7 24. Re6 Qh4 25. Rde1 Raf8 26. Re8 Qf4+ 27. Bd2 Qc7 28. R1e7 1-0

[Event "Graz Open"]
[Site "Graz AUT"]
[Date "1994.??.??"]
[Round "1"]
[White "Singer, Richard"]
[Black "Mohr, Georg"]
[Result "1/2-1/2"]
[WhiteElo "2130"]
[BlackElo "2420"]
[PlyCount "64"]
[EventDate "1994.09.??"]
[Source "www.chesslib.no"]
[SourceDate "2004.05.04"]

1. d4 Nf6 2. c4 e5 3. dxe5 Ng4 4. e4 Nxe5 5. Be2 Bb4+ 6. Bd2 Bxd2+ 7. Qxd2 d6 8. Nf3 Be6 9. Nc3 O-O 10. Nd5 Nxf3+ 11. Bxf3 c5 12. O-O Nc6 13. Rae1 a6 14. Re3 b5 15. Be2 Rb8 16. Rg3 Qh4 17. cxb5 axb5 18. Nf4 Nd4 19. Nh5 Nxe2+ 20. Qxe2 g6 21. e5 h6 22. b3 Kh8 23. Nf6 dxe5 24. Qxe5 Qd4 25. Qxd4 cxd4 26. Rd1 Rfd8 27. Rgd3 Ra8 28. R1d2 Kg7 29. Ne4 Bf5 30. Rxd4 Rxd4 31. Rxd4 Rxa2 32. h4 Bxe4 1/2-1/2

[Event "Acasusso Open"]
[Site "Acasusso ARG"]
[Date "1991.??.??"]
[Round "9"]
[White "Olivares, Danields"]
[Black "Benko, Francisco"]
[Result "0-1"]
[WhiteElo "2280"]
[BlackElo "2260"]
[PlyCount "134"]
[EventDate "1991.??.??"]
[Source "www.chesslib.no"]
[SourceDate "2004.05.04"]

1. d4 Nf6 2. c4 e5 3. dxe5 Ng4 4. e4 Nxe5 5. f4 Nec6 6. Nf3 Bc5 7. a3 a5 8. Nc3 Na6 9. Nd5 d6 10. Be3 Bg4 11. Be2 Bxf3 12. Bxf3 Bxe3 13. Nxe3 Qf6 14. e5 Qxf4 15. Qd2 Qxe5 16. O-O O-O 17. Bd5 Nc5 18. Rae1 Qd4 19. Qe2 Ne5 20. Rd1 Ncd3 21. Kh1 Qxb2 22. Rd2 Qxa3 23. Be4 Nc5 24. Ra2 Qxa2 25. Bxh7+ Kxh7 26. Qxa2 c6 27. Qf2 Rae8 28. Nf5 Ng6 29. Qd4 Re5 30. h4 Ne4 31. Kh2 c5 32. Qd3 Kg8 33. Ne3 Nf6 34. Kh3 Rfe8 35. Nf5 d5 36. g4 d4 37. g5 Nh5 38. Qd1 Nhf4+ 39. Kg4 Re4 40. Kg3 Ne2+ 41. Kh3 Ngf4+ 42. Kh2 Nc3 43. Qc1 Nd3 44. Qa3 Re2+ 45. Kh3 Ra2 46. Qb3 Rb2 47. Qa3 Ra2 48. Qb3 Nb4 49. Nd6 Re3+ 50. Kg4 Rg2+ 51. Kh5 a4 52. Qa3 Re7 53. Qa1 Ra2 54. Rxf7 Rxf7 55. Qh1 Ne2 56. Qb1 Nf4+ 57. Kg4 Rf8 58. Qe4 Re2 59. Qxb7 Ng6 60. Nf5 Rf7 61. Qa8+ Rf8 62. Qb7 Ne5+ 63. Kh5 Rf7 64. Qc8+ Kh7 65. g6+ Nxg6 66. Qxc5 Rxf5+ 67. Qxf5 Re5 0-1

[Event "Huacho (open)"]
[Site "?"]
[Date "2004.09.16"]
[Round "2.1"]
[White "Alata Ivan"]
[Black "Belli Mario"]
[Result "0-1"]
[WhiteElo "2134"]
[BlackElo "2403"]
[PlyCount "56"]
[EventDate "2004.??.??"]
[Source "www.chesslib.no"]
[SourceDate "2004.05.04"]

1. d4 Nf6 2. c4 e5 3. dxe5 Ng4 4. e4 Nxe5 5. f4 Ng6 6. Be3 Bb4+ 7. Nc3 Qe7 8. Bd3 Bxc3+ 9. bxc3 b6 10. Nf3 Bb7 11. O-O Na6 12. f5 Nf8 13. Bd4 Rg8 14. f6 gxf6 15. Nh4 Nc5 16. Nf5 Qe6 17. Ng3 Nxd3 18. Qxd3 Rg6 19. Qf3 O-O-O 20. c5 Re8 21. cxb6 axb6 22. Rfe1 h6 23. a4 Nh7 24. a5 Ng5 25. Qd3 h5 26. Bxb6 h4 27. Nh5 Qg4 28. Nxf6 Nh3+ 0-1

[Event "Ch Kiev"]
[Site "Kiev (Ukraine)"]
[Date "2007.01.23"]
[Round "4"]
[White "Golichenko Ilija (UKR)"]
[Black "Malienko Alexander (UKR)"]
[Result "1-0"]
[WhiteElo "2300"]
[BlackElo "2233"]
[PlyCount "79"]
[EventDate "2007.??.??"]
[Source "www.chesslib.no"]
[SourceDate "2004.05.04"]

1. d4 Nf6 2. c4 e5 3. dxe5 Ng4 4. e4 Nxe5 5. f4 Ng6 6. Be3 Bb4+ 7. Nc3 Bxc3+ 8. bxc3 Qe7 9. Bd3 f5 10. Qc2 fxe4 11. Bxe4 Nxf4 12. Bxf4 d5 13. cxd5 Bf5 14. Qa4+ b5 15. Qxb5+ c6 16. dxc6 Bxe4 17. c7+ Nd7 18. Ne2 Bxg2 19. Rg1 Bf3 20. Rg3 Bxe2 21. Qxe2 Qxe2+ 22. Kxe2 O-O 23. Rd1 Nb6 24. Rd4 Rac8 25. Re3 Kf7 26. c4 g5 27. c5 Nd5 28. Rxd5 gxf4 29. Rd7+ Kf6 30. Red3 Rfe8+ 31. Kf3 Re7 32. R3d6+ Kf7 33. Rxe7+ Kxe7 34. Rh6 Rf8 35. Rxh7+ Ke6 36. c6 Rc8 37. Rd7 Kf5 38. h4 a5 39. a4 Kg6 40. Kxf4 1-0

[Event "Las Palmas Open"]
[Site "Las Palmas ESP"]
[Date "1989.??.??"]
[Round "?"]
[White "Gonzalez, Juan Carlos"]
[Black "Moreno, A."]
[Result "1/2-1/2"]
[WhiteElo "2270"]
[BlackElo "2245"]
[PlyCount "103"]
[EventDate "1989.05.??"]
[Source "www.chesslib.no"]
[SourceDate "2004.05.04"]

1. d4 Nf6 2. c4 e5 3. dxe5 Ng4 4. e4 Nxe5 5. Nf3 Nbc6 6. Be2 Bc5 7. O-O d6 8. Nc3 O-O 9. Nd5 f5 10. exf5 Bxf5 11. Be3 Bxe3 12. Nxe3 Bd7 13. Qc2 Nxf3+ 14. Bxf3 Rxf3 15. gxf3 Bh3 16. Qd3 Bxf1 17. Kxf1 Qf8 18. Kg2 Re8 19. Qd5+ Kh8 20. Ng4 h6 21. a3 Qf4 22. Rd1 Ne5 23. Re1 c6 24. Qe4 Qg5 25. Kh1 h5 26. Nxe5 Rxe5 27. Rg1 Rxe4 28. Rxg5 Rxc4 29. Rxh5+ Kg8 30. Ra5 a6 31. Kg2 Rc1 32. Ra4 c5 33. Re4 d5 34. Re5 d4 35. Rd5 b6 36. f4 Rc2 37. b4 cxb4 38. axb4 Rc4 39. b5 a5 40. Rd6 Rb4 41. Rxb6 a4 42. Ra6 d3 43. Kf3 Rd4 44. Ke3 d2 45. Kxd4 d1=Q+ 46. Kc5 Qc2+ 47. Kb6 Qxf2+ 48. Kb7 Qxf4 49. b6 Qb4 50. Ka7 Qd4 51. Ka8 Qd8+ 52. Ka7 1/2-1/2

[Event "CZE-chT1c 9697"]
[Site "Czech Republic"]
[Date "1997.??.??"]
[Round "?"]
[White "Trmal, Jaroslav"]
[Black "Choleva, Zdenek"]
[Result "0-1"]
[WhiteElo "2255"]
[BlackElo "2260"]
[PlyCount "84"]
[EventDate "1996.??.??"]
[Source "www.chesslib.no"]
[SourceDate "2004.05.04"]

1. d4 Nf6 2. c4 e5 3. dxe5 Ng4 4. e4 Nxe5 5. f4 Ng6 6. Nf3 Bc5 7. f5 Nh4 8. Ng5 O-O 9. Qh5 h6 10. Qxh4 Be7 11. Nc3 hxg5 12. Qh5 Nc6 13. Be3 Bf6 14. O-O-O Bxc3 15. bxc3 Qe7 16. c5 Qxe4 17. Qxg5 Qe5 18. Rd3 d6 19. g4 Re8 20. cxd6 cxd6 21. Bd2 Bd7 22. Bg2 Qc5 23. Qh5 Ne5 24. Rh3 f6 25. Qh7+ Kf8 26. g5 Nc4 27. Qh8+ Ke7 28. Re1+ Kd8 29. Rxe8+ Bxe8 30. gxf6 Qg1+ 31. Kc2 Qxg2 32. Rd3 gxf6 33. Qxf6+ Kc7 34. Qe7+ Bd7 35. Rd4 b5 36. Qf7 Re8 37. f6 Re2 38. Rxc4+ bxc4 39. Qxc4+ Kd8 40. f7 Rxd2+ 41. Kc1 Rc2+ 42. Kb1 Rf2 0-1

[Event "EU Ch U18"]
[Site "Zagan POL"]
[Date "1995.??.??"]
[Round "5"]
[White "Banikas, Hristos"]
[Black "Dantas, Carlos"]
[Result "1/2-1/2"]
[WhiteElo "2335"]
[BlackElo "2180"]
[PlyCount "106"]
[EventDate "1995.??.??"]
[Source "www.chesslib.no"]
[SourceDate "2004.05.04"]

1. d4 Nf6 2. c4 e5 3. dxe5 Ng4 4. e4 Nxe5 5. f4 Nec6 6. Be3 Bb4+ 7. Nd2 d6 8. Ngf3 Qe7 9. Bd3 Nd7 10. a3 Bc5 11. Qe2 f5 12. O-O-O Bxe3 13. Qxe3 Nc5 14. Bc2 O-O 15. Rhe1 a5 16. g3 Bd7 17. exf5 Qxe3 18. Rxe3 Bxf5 19. Bxf5 Rxf5 20. Ne4 a4 21. Nh4 Rf7 22. Nxc5 dxc5 23. Nf3 h6 24. Rdd3 Rd8 25. Rxd8+ Nxd8 26. Re8+ Rf8 27. Rxf8+ Kxf8 28. Nd2 Nc6 29. Ne4 b6 30. Kc2 Kf7 31. Nc3 Ke6 32. Kd3 Kf5 33. Nd5 Kg4 34. Nxc7 Kh3 35. f5 Kxh2 36. Ne6 Kxg3 37. Ke4 h5 38. Nxg7 h4 39. f6 h3 40. Nf5+ Kf2 41. Ne3 Nd8 42. Kf4 h2 43. Ng4+ Kg1 44. Nxh2 Kxh2 45. Ke5 Kg3 46. Kd6 Kf4 47. Kc7 Ne6+ 48. Kxb6 Ke5 49. Kb5 Kd4 50. f7 Nf8 51. Kxa4 Kxc4 52. b4 cxb4 53. axb4 Kd5 1/2-1/2

[Event "Eislingen team U26"]
[Site "Eislingen GER"]
[Date "1996.??.??"]
[Round "2"]
[White "Rudolph, Johannes"]
[Black "Schnepp, Gunnar"]
[Result "1-0"]
[WhiteElo "2240"]
[BlackElo "2270"]
[PlyCount "83"]
[EventDate "1996.??.??"]
[Source "www.chesslib.no"]
[SourceDate "2004.05.04"]

1. d4 Nf6 2. c4 e5 3. dxe5 Ng4 4. e4 Nxe5 5. f4 Nec6 6. a3 g6 7. Nf3 Bg7 8. Bd3 d6 9. O-O O-O 10. Nc3 Bg4 11. Qe1 a5 12. Qg3 Bxf3 13. Qxf3 Nd4 14. Qd1 Nd7 15. Rb1 Nc5 16. b4 axb4 17. axb4 Nxd3 18. Qxd3 f5 19. Bb2 c6 20. exf5 Nxf5 21. Ne4 Bxb2 22. Rxb2 Qe7 23. g4 Rae8 24. Re2 Ng7 25. Qh3 Qd7 26. Qh4 d5 27. Ng5 Nf5 28. Qe1 Rxe2 29. Qxe2 Nd4 30. Qe5 dxc4 31. h3 Re8 32. Qc5 Qd5 33. Qb6 Ne2+ 34. Kh2 Qd3 35. Qc7 Qd5 36. Qxh7+ Kf8 37. Qh6+ Ke7 38. Qg7+ Kd8 39. Nf7+ Kc8 40. Qxg6 Kb8 41. Ne5 Nxf4 42. Qxe8+ 1-0

[Event "NOR Ch"]
[Site "Lillehammer"]
[Date "1982.??.??"]
[Round "9"]
[White "Bjerke, Richard"]
[Black "Haugli, Petter"]
[Result "1/2-1/2"]
[WhiteElo "2255"]
[BlackElo "2245"]
[PlyCount "66"]
[EventDate "1982.??.??"]
[Source "www.chesslib.no"]
[SourceDate "2004.05.04"]

1. d4 Nf6 2. c4 e5 3. dxe5 Ng4 4. e4 Nxe5 5. f4 Nec6 6. Nf3 Bc5 7. Bd3 O-O 8. Nc3 d6 9. Na4 Na6 10. a3 f5 11. Nxc5 Nxc5 12. O-O fxe4 13. Bxe4 Nxe4 14. Qd5+ Kh8 15. Qxe4 Bf5 16. Qd5 Qf6 17. Qb5 Nd4 18. Qxb7 Bd3 19. Rd1 Be2 20. Nxd4 Bxd1 21. Be3 Rae8 22. Rxd1 Rxe3 23. g3 c5 24. Nf3 h6 25. Qc6 Rfe8 26. Ne5 Re6 27. Qc8+ Kh7 28. Nd7 Re1+ 29. Rxe1 Qd4+ 30. Kg2 Qd2+ 31. Kh3 Rxe1 32. Nf8+ Kg8 33. Ng6+ Kf7 1/2-1/2